|
|
|
|
| LEADER |
00000nam a22000007a 4500 |
| 005 |
20210716221121.0 |
| 007 |
cr|||| |||| |
| 008 |
210716s2014 co |||||s|||| 00||0 spa d |
| 020 |
|
|
|a 978-958-762-251-5
|
| 035 |
|
|
|a 33390
|
| 040 |
|
|
|a vLex
|
| 090 |
|
|
|c 11857
|d 11857
|
| 100 |
1 |
|
|a Cruz Herradn̤, Ana Mara̕
|
| 245 |
1 |
0 |
|a Cm̤o hacer y exponer presentaciones exitosas
|h [Recurso electrn̤ico] /
|c Ana Mara̕ Cruz Herradn̤
|
| 256 |
|
|
|a Servicio en ln̕ea
|
| 260 |
|
|
|a Bogot:̀
|b Ediciones de la U,
|c 2014
|
| 300 |
|
|
|a 1 recurso electrn̤ico
|
| 500 |
|
|
|a En muchas ocasiones diferentes profesionales se enfrentan a la tarea de realizar una presentacin̤ de sus proyectos sin contar con la destreza necesaria como para afrontar dicha labor de manera eficiente, no solo en cuanto a la elaboracin̤ propiamente dicha, sino tambiň en cuanto a la obtencin̤ de un atractivo diseǫ y una exposicin̤ que cause impacto entre el pb︢lico al vaya dirigida la presentacin̤.
|
| 506 |
1 |
|
|a Disponible solo en los productos indicados
|d vLex Global
|d vLex Global (Academic Edition, excluding Law Schools)
|d vLex Global (U.S. Academic Edition, Law Schools)
|d vLex Global (U.S. Academic Edition, excluding Law Schools)
|d vLex Global (Academic Edition, Law Schools)
|
| 650 |
0 |
4 |
|a Economa̕ y negocios
|z Colombia
|
| 740 |
0 |
|
|a vLex Libros (Servicio en ln̕ea)
|
| 856 |
4 |
0 |
|u https://vlex.com/source/como-hacer-y-exponer-presentaciones-exitosas-33390
|z Acceso restringido
|
| 942 |
|
|
|c BOOK
|
| 999 |
0 |
|
|a Economy and business
|